000 00693nam a22002057a 4500
999 _c166158
_d166158
005 20220217104920.0
010 _aENG-125930
020 _a9788180642890
_c100.00
035 _aEN-109462
037 _bDBAD/PUB
082 _a327.54
100 _aKothari, Raj Kumar
245 _aIndia's connect central Asia policy :
_bemerging security and economic dimensions /
_c Raj Kumar Kothari,Sukanya Mukherjee
260 _aKolkata
_bProgressive Publishers
_c2019
270 _a37A, College Street
_bKolkata
_e700073
300 _a119p.
_c22cm(Hb)
500 _aIncludes bibliographical references and index
700 _aMukherhee, Suknaya
942 _2ddc
_cEN
_h327.54
_mKOT